Interfaces between second language acquisition and language testing research (0 521 64963 3)

Gespeichert in:
Bibliographische Detailangaben
1. Verfasser: LYLE F BACHMAN
Format: Buch
Sprache:Undetermined
Veröffentlicht: Cambridge 1998
Tags: Tag hinzufügen
Keine Tags, Fügen Sie den ersten Tag hinzu!
Thư viện lưu trữ: Trung tâm Học liệu Trường Đại học Cần Thơ
LEADER 00497nam a2200145Ia 4500
001 CTU_49311
008 210402s9999 xx 000 0 und d
082 |a 401.93 
082 |b I.61 
100 |a LYLE F BACHMAN 
245 0 |a Interfaces between second language acquisition and language testing research (0 521 64963 3) 
245 0 |c LYLE F BACHMAN; Biên tập, hiệu đính: Andrew D. Cohen 
260 |b Cambridge 
260 |c 1998 
980 |a Trung tâm Học liệu Trường Đại học Cần Thơ